000 00509nam a2200181Ia 4500
008 100917s9999 xx 000 0 und d
082 _b15220
100 _aसाने काशिनाथ नारायण
245 _aपानिपतची बखर
260 _b---
_c1807
300 _a51
365 _b0
520 _aइतिहास
630 _aपानिपतची बखर
650 _aइतिहास
730 _aपानिपतची बखर
942 _cBOOK
999 _c620614
_d620611